00886nam a2200205 i 4500001000700000003000900007005001700016008004100033040002000074100002200094245004900116250002300165260008600188300006100274500009900335530003500434650002000469852010200489856008900591161710ES-MaACL20230906212338.0960315s1888 sp a |||| | spa d aCLM bspa cCLM1 aPequeño, Diego.10aCartilla vinícola / cpor Diego Pequeño. aEdición oficial. aMadrid : bMinisterio de Fomento, c1888 (fTipo-litografía L. Peant é hijos) a161 p., [1] h. pleg., VIII h. de lam., [4] p. ; c20 cm. aObra premiada con el Primer Premio en concurso público abierto por el Ministerio de Fomento. aDisponible en formato digital. 4aVinificación. aES-MaACLjT-943-F-1 z-- Enc. hol. conservando la cub. original z.- Donat. Ministerio de Fomento uhttp://bdh-rd.bne.es/viewer.vm?id=0000125345&page=1 zBiblioteca Digital Hispánica